00990nam a2200217 i 450000100060000000300090000600500170001500700030003200800410003510000480007624500900012425000240021426000440023830000220028250501970030465000500050165100600055185200200061199900170063195201240064835844ES-MaACL20230906155227.0t|160411s1879 fr ||||1| fre d1 aBarthélemy, Charles (d1825-1888)915932110aErreurs et mensonges historiques. nSeizième série / cpar M. Ch. Barthélémy. aNouvelle édition. aParis : bLibrairie Blériot, c[188?] a267 p. ; c19 cm.8 aContiene: Les abus de l'ancien régime. - Ce qu'étaient les Albigeois. - La vérité sur le pape Clément V. - Le procès des Templiers. - Le pape Jean XXII. - Les crimes des Girondins. 4aHistoria-xErrores, invenciones, etc.9159334 4aFrancia-xHistoria-xErrores, invenciones, etc.9159322 aES-MaACLjG-137 c35844d35844 001040708LIBXIXaATENEOMbATENEOMcDEPO2d2016-04-11eSCl0oG-137p1195111r2023-02-23 00:00:00w2023-02-23yMONANT